000 00826nam a2200181Ia 4500
008 090630s9999 xx 000 0 und d
082 _b23029
100 _aसुरवाडे विजय.
245 _aडॉ. बाबासाहेब आंबेडकरांची निवडक भाषणे.
_cसुरवाडे विजय.
260 _bलोकवाङमय गृह - मुंबई.
_c2002
300 _a228
600 _aसुरवाडे विजय.
630 _aडॉ. बाबासाहेब आंबेडकरांची निवडक भाषणे.
655 _aइतर.
700 _aसुरवाडे विजय.
730 _aडॉ. बाबासाहेब आंबेडकरांची निवडक भाषणे.
942 _cBOOK
999 _c274885
_d274885